000 00716nam a2200229Ia 4500
003 OSt
005 20220923220309.0
006 a|||||r|||| 00| 0
007 ta
008 220922b |||||||| |||| 00| 0 hin d
024 _a185,778
037 _cTextual
040 _aARTS
_cARTS
_bhin
041 _2hin
_ahin
082 _aY1:7:7wM85, 152J7
100 _aनवेटिया, राधाकृष्ण, संपा.
_9157127
245 0 _aश्रीरामदेव चौखनी
246 _aShrīrāmadev chaukhanī
260 _c1957
942 _hY1:7:7wM85, 152J7
_cTEXL
_2CC
999 _c339024
_d339024